00358nam a22001457a 4500003000400000005001700004008004100021020001800062040000900080082001800089100001700107245003200124260004600156300001000202OSt20221109111604.0221109b ||||| |||| 00| 0 eng d a9788122416886 coclc a574.87bRAS/C aRastogi, S C aCell Biology /cS C Rastogi aNew Delhi:bNew age international,c2008. a528 p